000 00518nam a2200193Ia 4500
001 17216
003 GE_BSU
008 181216s||||||||xx |||||||||||||| ||und||
040 _cGE_BSU
080 _a821.353.1-11
100 _aეული, სანდრო (ქურიძე)
245 _aპოემები.
260 _aტფილისი
260 _bფედერაცია
260 _c1933
300 _a163გვ. : სურ. ; 18სმ.
653 _aპოემები
942 _cBK
999 _c50277
_d50277